युग प्रवर्तक आविष्कार (Record no. 975914)

MARC details
000 -LEADER
fixed length control field 00378nam a2200133Ia 4500
008 - FIXED-LENGTH DATA ELEMENTS--GENERAL INFORMATION
fixed length control field 151001s9999||||xx |||||||||||||| ||und||
100 ## - MAIN ENTRY--PERSONAL NAME
Personal name दिलीप सालवी
245 ## - TITLE STATEMENT
Title युग प्रवर्तक आविष्कार
250 ## - EDITION STATEMENT
Edition statement 1
260 ## - PUBLICATION, DISTRIBUTION, ETC. (IMPRINT)
Name of publisher, distributor, etc प्रकाशन विभाग
260 ## - PUBLICATION, DISTRIBUTION, ETC. (IMPRINT)
Date of publication, distribution, etc 1997
300 ## - PHYSICAL DESCRIPTION
Extent 91
365 ## - TRADE PRICE
Price amount 24

No items available.